Personnages Harry Potter - R - Statistiques

Statistiques générales
  • Ce quiz a été pris 655 fois
  • Le résultat moyen est 5 sur 14
Statistiques - réponses
Non Personnages % Correct
9 Ronald Weasley
90%
4 Remus Lupin
64%
13 Rubeus Hagrid
45%
2 Reg Cattermole
43%
3 Regulus Black
39%
6 Rita Skeeter
35%
8 Romilda Vane
31%
11 Rowena Serdaigle
30%
14 Rufus Scrimgeour
29%
10 Rose Weasley
23%
7 Rodolphus Lestrange
22%
1 Rabastan Lestrange
17%
5 Renée Bibine
17%
12 Roxanne Weasley
9%
Aucun quiz correspondant
Distribution des résultats
% des personnes avec chaque résultat
Percentile par nombre de réponses
Votre historique - résultats
Vous n’avez pas pris ce quiz